00518nam a22001937a 450000500170000001000130001702000100003003500130004003700160005304000120006908200150008110000150009624500640011126000410017527000510021630000210026750000190028865000170030720170124110030.0 aA-709483 c45.00 aA-709483 bCen Lib/Ret aDPLbEN a335.4bMAR aMarx, Karl aEconomic and philosophie manuscipts of 1884 /cby Karl Marx aCalcuttabNational Book Agencyc1993 bCalcuttaa13, Bankim Chatterjee Streete700073 a226p. c20cm(Hb) aIncludes index aManuscripts.